00438nam a2200133Ia 4500008004100000082001500041100003000056245004400086260003200130300001800162942000700180999001900187952009800206230907s9999||||xx |||||||||||||| ||und|| a333.79,HON aHong, Wei Chiang.9115179 0aIntelligent energy demand forecasting / aSpringer,bNew York :c2013 axiii, 189 p.: cBK c597772d597772 00104070aCAS-EbCAS-Ed2018-04-04l0o333.79,HONpCAS-E0001871r2023-09-12w2023-09-12yBK